000 00623nam a2200205 i 4500
001 100483
003 ES-MaACL
005 20251014063139.0
007 t|
008 050928s1947 ag ||||1| spa d
100 1 _aMasson-Oursel, Paul,
_d1882-1956
_978852
245 1 3 _aLa filosofía en Oriente /
_cPaul Masson-Oursel; traducción de Demetrio Náñez.
260 _aBuenos Aires :
_bSudamericana,
_c1947.
300 _a179 p. ;
_c24 cm.
490 1 _aFilosofía
700 1 _aNáñez, Demetrio.
_984908
830 0 _aFilosofía
_9177836
852 _aES-MaACL
_jG-8696
_bR.28617
999 _c100483
_d100483